000 00567nam a2200229Ia 4500
003 OSt
005 20220924150950.0
006 a|||||r|||| 00| 0
007 ta
008 220923b |||||||| |||| 00| 0 tel d
024 _a335364
037 _cTextual
040 _aARTS
_cARTS
_btel
041 _2tel
_atel
082 _aO35,3NAN,4, L8
100 _aAnanda Ramam
_9223303
245 0 _aAjnata bhandhalu
260 _c1978
650 _aTELUGU FICTION
942 _hO35,3NAN,4, L8
_cTEXL
_2CC
999 _c465107
_d465107